000 00576nam a22001937a 4500
999 _c14256
_d14256
003 AR-CdUCM
008 190422b ||||| |||| 00| 0 spa d
020 _a978-84-9825-785-4
040 _aMUNICIPALIDAD PROVINCIAL DEL CUSCO
_cBIBLIOTECA MUNICIPAL DEL CUSCO
082 _aPI / 376.1 /
_bC73
110 _aCombel
_932671
245 _aMi gato /
260 _aBarcelona :
_bCombel,
_c2012.
300 _a6 páginas ;
_bIlustraciones,
_c19 cm.
440 _aMenudas mascotas ;
_932956
650 _aCuentos infantiles
_93927
942 _2ddc
_cLIBROS
945 _aacv
_d2019-04-22